| 000 | 00434nam a22001457a 4500 | ||
|---|---|---|---|
| 999 |
_c113122 _d113122 |
||
| 005 | 20190706115812.0 | ||
| 008 | 190706b ||||| |||| 00| 0 eng d | ||
| 040 | _cPK-LaUMT | ||
| 082 |
_a711.4094 _bDUW-B |
||
| 100 | _aDuwel, Jorn | ||
| 245 |
_aA blessing in disguise : _bwar and town planning in Europe 1940-1945 / _cby Jorn Duwel and Niels Gutschow |
||
| 260 |
_aBerlin : _bDOM Publishers, _c2013 |
||
| 300 | _a415 p. | ||
| 942 | _cBK | ||